Statistics for Colleges of NBA Opening Night Starters 21/22

Click here to take the quiz!

General Stats

  • This quiz has been taken 89 times
  • The average score is 121 of 150

Answer Stats

Atlanta HawksCollege% Correct
Brandon Ingram | Frank Jackson | Grayson Allen | +4 othersDuke
100%
Bogdan BogdanovicNone
95%
Blake Griffin | Trae YoungOklahoma
95%
Jrue Holiday | Lonzo Ball | Norman Powell | +2 othersUCLA
95%
Duncan Robinson | Franz Wagner | Jordan Poole | Tim Hardaway JrMichigan
94%
Jarrett Allen | Kevin Durant | Mo Bamba | +2 othersTexas
94%
Aaron Gordon | Deandre Ayton | Lauri MarkkanenArizona
93%
Draymond Green | Jaren Jackson | Miles BridgesMichigan State
93%
James Harden | Lu DortArizona State
91%
Anthony Davis | Bam Adebayo | De'Aaron Fox | +8 othersKentucky
91%
Josh Hart | Kyle Lowry | Mikal Bridges | Saddiq BeyVillanova
90%
Andrew Wiggins | Devonte Graham | Joel Embiid | +2 othersKansas
89%
Cole Anthony | Danny Green | Harrison BarnesNorth Carolina
89%
Colin SextonAlabama
88%
Bradley Beal | Dorian Finney-SmithFlorida
88%
Chris Paul | John CollinsWake Forest
88%
Pat Williams | Scottie BarnesFlorida State
86%
Deandre Hunter | Joe Harris | Malcolm BrogdonVirginia
86%
Anthony Edwards | Kentavious Caldwell-Pope | Nic ClaxtonGeorgia
85%
Domantas Sabonis | Jalen SuggsGonzaga
85%
D'Angelo Russell | Jae'Sean Tate | Mike ConleyOhio State
85%
Marcus SmartOklahoma State
85%
De'Anthony Melton | Demar Derozan | Evan Mobley | +2 othersUSC
85%
Steph CurryDavidson
83%
Kemba WalkerUConn
83%
Chris DuarteOregon
80%
Deandre Jordan | Khris Middleton | Robert WilliamsTexas A&M
80%
OG AnunobyIndiana
79%
Michael Porter JrMissouri
79%
Dejounte Murray | Isaiah Stewart | Jaden McDaniels | Justin HolidayWashington
79%
Gordon HaywardButler
78%
Jaylen Brown | Kevon LooneyCalifornia
78%
Bojan Bogdanovic | Clint Capela | Daniel Theis | +16 othersNone
78%
Jakob Poeltl | Kyle KuzmaUtah
76%
Monte Morris | Tyrese HaliburtonIowa State
75%
Jae Crowder | Jimmy ButlerMarquette
75%
Donovan MitchellLouisville
74%
Brook Lopez | Dwight PowellStanford
73%
Aaron Nesmith | Darius GarlandVanderbilt
73%
Doug McDermottCreighton
70%
Tobias HarrisTennessee
69%
Ja MorantMurray State
68%
Alec Burks | Derrick White | Spencer DinwiddieColorado
66%
Paul GeorgeFresno State
64%
Precious Achuiwa | Will BartonMemphis
63%
Damian LillardWeber State
63%
Jerami GrantSyracuse
61%
Steven AdamsPittsburgh
60%
Christian WoodUNLV
60%
Nickeil Alexander-WalkerVirginia Tech
60%
Royce O'NealeBaylor
58%
Derrick Favors | Josh OkogieGeorgia Tech
58%
Fred VanVleetWichita State
58%
Daniel GaffordArkansas
55%
CJ McCollumLehigh
53%
Desmond BaneTCU
51%
Reggie JacksonBoston
50%
Maurice HarklessSt John's
44%
Robert CovingtonTennessee State
28%
Kent BazemoreOld Dominion
25%
Richaun HolmesBowling Green
23%

Score Distribution

Percentile by Number Answered

Percent of People with Each Score

Your Score History

You have not taken this quiz